00707 2200181 4500001002100000005001500021035002000036245005600056100001500112250001700127300002800144260003900172082001000211084001600221020002200237650002800259520023800287INLIS00000000000075220241019084403 a0010-10240000451 aEnsiklopedia Matematika 6 :bGeometri /cTri Rahayu0 aTri Rahayu aCetakan ke-1 a56 hlm :bIlus ;c25 cm aBekasi :bUranus publishing,c2011 a510.3 a510.3 TRI e a978-602-8637-49-7 4aEnsiklopedia matematika aMatematika ternyata tak sesulit dan menakutkan, disini kalian akan mengenal matematika secara lengkap. Mulai dari seri sejarah matematika Kuno, tokoh-tokoh matematika, pengukuran, dan juga apapun tentang matematika yang menyenangkan.